Hauptstädte in der Nähe von Lissabon - Statistiken

Allgemein
  • Dieses Quiz wurde 148 mal gespielt
  • Das Durchschnittsergebnis liegt bei 16 aus 20
Antwortstatistiken
km Hauptstadt % Korrekt
503 Madrid
100%
1454 Paris
97%
1865 Rom
97%
1715 Brüssel
92%
1631 Bern
91%
1866 Amsterdam
89%
1100 Algier
87%
1714 Luxemburg
87%
1711 Tunis
85%
1588 London
84%
568 Rabat
84%
1780 Vaduz
80%
994 Andorra la Vella
79%
1642 Dublin
79%
1863 Vatikanstadt
78%
1492 Monaco
77%
1890 San Marino
76%
2113 Valletta
70%
2113 Tripolis
56%
2099 Ljubljana
48%
Keine übereinstimmenden Quizze gefunden
Verteilung der Resultate
Anzahl Personen mit jedem Resultat
Perzentil nach korrekt beantworteten Fragen
Ihre Resultats-Entwicklung
Sie haben dieses Quiz noch nicht gespielt